000 01483nam a22001457a 4500
999 _c529091
_d529091
008 250220b ||||| |||| 00| 0 eng d
100 _aWalker, Andrew and Stride, Gregory
_950763
245 _aA practitioner-led research agenda for local government
260 _aLocal Government Studies
300 _a50(6), Dec, 2024: p.1182-1190
520 _aThe last 50 years of local government studies have documented extraordinary changes: economic transformations, international democratisation, the digital revolution and the rise of the internet have transformed local government. Looking forward to the next 50 years: climate change, ageing populations, financial pressure, populist politics, will all come home to roost in the day-to-day work of local government. This paper makes the case for building a research agenda around the practical experiences of local policy practitioners. Using our experience from a series of interviews with over sixty local government chief executives, and the example of two research projects built around LGIU’s local authority members network in England, the paper describes the valuable opportunities that come from engaging with local government practitioners for developing and directing research.- Reproduced https://www.tandfonline.com/doi/full/10.1080/03003930.2024.2411597#abstract
650 _aPractice, Research, Policymaking, Evidence, Capacity building.
_950764
773 _aLocal Government Studies
942 _cAR